Communitaire and Slovak legislative pillars of consumer protection = Komunitárne a slovenské legislatívne piliere ochrany spotrebiteľa /

Hlavní autor: Sekera, Milan
Jazyk: Slovenština
Angličtina
Vydáno: Ostrava : Brno : Key Publishing ;B.I.B.S., 2013
Vydání: Vyd. 1.
Edice: Monografie (Key Publishing)
Témata:
Fyzický popis: 211 s. ; 24 cm
Language note: Souběžný slovenský text
Knihy
Uloženo v:
LEADER 02018nam a2200541 a 4500
001 nkc20132467124
003 CZ PrNK
005 20160303083325.0
007 ta
008 130611s2013 xr f 000 0 eng
015 |a cnb002467124 
020 |a 978-80-7418-174-0  |q (Key Publishing ;  |q brož.) 
020 |a 978-80-87255-62-9  |q (B.I.B.S. ;  |q brož.) 
035 |a (OCoLC)857952151 
040 |a OLA001  |b cze 
041 0 |a eng  |a slo 
043 |a e------  |a e-xo--- 
072 7 |a 346  |x Hospodářské právo  |2 Konspekt  |9 16 
080 |a 346.548  |2 MRF 
080 |a 341.171(4)  |2 MRF 
080 |a (4)  |2 MRF 
080 |a (437.6)  |2 MRF 
080 |a (048.8)  |2 MRF 
100 1 |a Sekera, Milan  |7 ola2013774085  |4 aut 
245 1 0 |a Communitaire and Slovak legislative pillars of consumer protection =  |b Komunitárne a slovenské legislatívne piliere ochrany spotrebiteľa /  |c Milan Sekera 
246 3 1 |a Komunitárne a slovenské legislatívne piliere ochrany spotrebiteľa 
250 |a Vyd. 1. 
260 |a Ostrava :  |b Key Publishing ;  |a Brno :  |b B.I.B.S.,  |c 2013 
300 |a 211 s. ;  |c 24 cm 
490 1 |a Monografie 
500 |a Pub. byla vydána ve spolupráci se společností Weston Praha 
504 |a Obsahuje bibliografie a bibliografické odkazy 
546 |a Souběžný slovenský text 
650 0 7 |a ochrana spotřebitele  |7 ph123665  |z země Evropské unie  |2 czenas 
650 0 7 |a ochrana spotřebitele  |7 ph123665  |z Slovensko  |2 czenas 
650 0 7 |a evropské právo  |7 ph121776  |2 czenas 
650 0 9 |a consumer protection  |z European Union countries  |2 eczenas 
650 0 9 |a consumer protection  |z Slovakia  |2 eczenas 
650 0 9 |a European law  |2 eczenas 
655 7 |a monografie  |7 fd132842  |2 czenas 
655 9 |a monographs  |2 eczenas 
830 0 |a Monografie (Key Publishing)  |0 s 
910 2 |a BOA001  |b 2-1307.575 
928 9 |a Weston Praha 
990 |a BK 
995 |a 01 
991 |b 201308  |c NOV  |e n 
996 6 |b 2610558872  |c 2-1307.575  |l MZK  |r Sklad / do 1 hodiny  |n 2  |p p.v.  |w 001350743  |u 000010  |a 1  |e BOA001  |j MZK50  |s P